000 00873cam a2200289 i 4500
001 768714001
003 CO-MdBIC
005 20231122150033.0
007 ta
008 231122t1981 sp ||||| |||| 00| 0 spa d
020 _a84-7057-290-3
040 _bspa.
_aCO-MdFUSB
_cCO-MdFUSB
_dCO-MdFUSBC
_erda
041 _aspa
082 0 4 _aG 231 K689v
100 1 _aKüng, Hans (1928-)
245 1 0 _aVeinticuatro tesis sobre el problema de Dios / Hans Küng ; José Maria Bravo Navalpotro, Traductor
_c/
264 1 _aMadrid, España : Cristiandad
_bEdiciones Cristiandad,
_c[1981]
264 4 _c©1981
300 _a155 Pag
_c;
336 _atexto
_btxt
_2rdacontent
337 _2rdamedia
_asin mediación
_bn
338 _2rdacarrier
_avolumen
_bnc
500 _aTítulo original : 24 thesen zur gottesfrage
650 1 7 _aDios
_9178
942 _cBK
945 _aJohan1477
999 _c34374
_d34374